LEADER 02067oam 2200565 450 001 9910709741203321 005 20210219082717.0 035 $a(CKB)5470000002472835 035 $a(OCoLC)1042807985 035 $a(EXLCZ)995470000002472835 100 $a20180705d2018 ua 0 101 0 $aeng 135 $aurbn||||a|||| 181 $ctxt$2rdacontent 182 $cc$2rdamedia 183 $acr$2rdacarrier 200 10$aRepeal Insurance Plans of the Multi-State Program Act of 2017 $ereport of the Committee on Homeland Security and Governmental Affairs, United States Senate, with additional views, to accompany S. 2221, to repeal the Multi-State Plan Program 210 1$aWashington :$cU.S. Government Publishing Office,$d2018. 215 $a1 online resource (ii, 14 pages) 225 1 $aReport / 115th Congress, 2d session, Senate ;$v115-277 300 $a"June 18, 2018." 320 $aIncludes bibliographical references. 517 $aRepeal Insurance Plans of the Multi-State Program Act of 2017 606 $aHealth insurance$xLaw and legislation$zUnited States 606 $aHealth insurance exchanges$zUnited States 606 $aRepeal of legislation$zUnited States 606 $aHealth insurance exchanges$2fast 606 $aHealth insurance$xLaw and legislation$2fast 606 $aRepeal of legislation$2fast 607 $aUnited States$2fast 608 $aLegislative materials.$2fast 608 $aLegislative materials.$2lcgft 615 0$aHealth insurance$xLaw and legislation 615 0$aHealth insurance exchanges 615 0$aRepeal of legislation 615 7$aHealth insurance exchanges. 615 7$aHealth insurance$xLaw and legislation. 615 7$aRepeal of legislation. 801 0$bGPO 801 1$bGPO 801 2$bGPO 801 2$bOCLCF 801 2$bMERUC 801 2$bOCLCA 801 2$bDWP 801 2$bGPO 906 $aBOOK 912 $a9910709741203321 996 $aRepeal Insurance Plans of the Multi-State Program Act of 2017$93503083 997 $aUNINA